000
00276nam a2200097Ia 4500
008
201231s9999 xx 000 0 und d
100
_a
Aitchison,Jean
245
4
_a
The seeds of speech language origin and evolution
260
_a
Cambridge
_b
Cambridge University Press
942
_c
BK
999
_c
9385
_d
9385